| 000 | 00771cas a22002175a 4500 | ||
|---|---|---|---|
| 001 | E143830 | ||
| 008 | 010928s2007 stk 000 0 eng u | ||
| 020 | _a0755966127 | ||
| 035 | _a(Sirsi) u143830 | ||
| 041 | _aeng | ||
| 050 | 0 | 4 | _a711.1 |
| 110 | 2 |
_aScottish Executive Development Department _93786 |
|
| 245 | 0 | 0 |
_aLocal authority interest developments _bplanning advice note PAN 82 _h[electronic resource] |
| 260 |
_aEdinburgh _bScottish Executive _c2007 |
||
| 300 |
_a12p. _c30cm. |
||
| 490 |
_aPlanning Advice Note _vPAN 82 |
||
| 651 | 4 |
_aScotland _y1999- |
|
| 690 |
_aPlanning and development _96259 |
||
| 856 | 4 | 1 |
_uhttps://www.scotland.gov.uk/Publications/2007/04/30162414/0 _zView the planning advice note free of charge at www.scotland.gov.uk... |
| 942 | _n0 | ||
| 999 |
_c108278 _d108278 |
||